000 00538nam a2200217Ia 4500
999 _c18486
_d18486
003 0100
005 20170823122607.0
008 130303s9999 xx 000 0 und d
020 _a1857992911
040 _cARRUPELIB
050 _aB92.G11 1995
100 _aGaarder, Jostein
_935082
245 _aSophie's World
245 _ba novel about the history of Philosophy
260 _bPhoenix House
_aLondon
_c1995
300 _a436p.
300 _b 23 cm.
650 _aPHILOSOPHY
_935085
650 _aPhilosophy
_935086
650 _aHistory
_98438
650 _aFiction
_911426
942 _2lcc
_cMONOGRAPH